Vista normal Vista MARC

Entrada Topical Term

Número de registros utilizados en: 1

001 - CONTROL NUMBER

  • control field: 13593

003 - CONTROL NUMBER IDENTIFIER

  • control field: OSt

005 - DATE AND TIME OF LATEST TRANSACTION

  • control field: 20210217214915.0

008 - FIXED-LENGTH DATA ELEMENTS

  • fixed length control field: 210217|| aca||aabn | a|a d

040 ## - CATALOGING SOURCE

  • Original cataloging agency: OSt
  • Transcribing agency: OSt

150 ## - HEADING--TOPICAL TERM

  • Topical term or geographic name entry element: Accidentes en la construcción

670 ## - SOURCE DATA FOUND

  • Source citation: Work cat.: (OSt): Instituto de Seguros Sociales 13566, Manejo de herramientas y equipos / , 1997